Звичайний вигляд
Перегляд у МАРК
Входження „Topical Term“
Кількість записів, які використовуються: 2
001 - CONTROL NUMBER
- control field: 23076
003 - CONTROL NUMBER IDENTIFIER
- control field: UA-OsUOA
005 - DATE AND TIME OF LATEST TRANSACTION
- control field: 20260129110335.0
008 - FIXED-LENGTH DATA ELEMENTS
- fixed length control field: 260129|| aca||aabn | a|a d
040 ## - CATALOGING SOURCE
- Original cataloging agency: UA-OsUOA
- Transcribing agency: UA-OsUOA
150 ## - HEADING--TOPICAL TERM
- Topical term or geographic name as entry element: 94(477).152 Українці в США, Канаді, Австралії
670 ## - SOURCE DATA FOUND
- Source citation: Work cat.: (UA-OsUOA)436305: Марунчак М. 19395, Сорок років праці Комітету Українців Канади, 1981